000 00603nam a2200229Ia 4500
003 OSt
005 20220928113715.0
006 a|||||r|||| 00| 0
007 ta
008 220927b |||||||| |||| 00| 0 eng d
024 _a51754
037 _cTextual
040 _aSDCL
_cSDCL
_beng
041 _2eng
_aeng
082 _aR325, N7
100 _aWright John
_9434601
245 0 _aRealism and explanatory priority.
260 _aDordrecht
_bKluwer Academic Publishers.
_c1997
300 _avii,327p
_ccm.
942 _hR325, N7
_cTEXL
_2CC
999 _c750908
_d750908